| 000 | 01177nam a22003497a 4500 | ||
|---|---|---|---|
| 999 |
_c200450114 _d68326 |
||
| 001 | 200450114 | ||
| 003 | TR-AnTOB | ||
| 005 | 20241119101627.0 | ||
| 007 | ta | ||
| 008 | 220929s2022 ne a|||a |||| 00| j tur d | ||
| 020 | _a9789750833588 | ||
| 040 |
_aTR-AnTOB _beng _erda _cTR-AnTOB |
||
| 041 | 1 | _atur | |
| 082 | 0 | 4 |
_a649.6 _bBOOe 2022 |
| 096 |
_a649.6 _bBOOe 2022 |
||
| 999 | _aDY 29.09.2022 | ||
| 100 | 1 |
_aBoonen, Stefan _9138579 |
|
| 240 | 1 | 0 | _aPlassen draken ook? |
| 245 | 1 | 0 |
_aEjderhalar da tuvalete gider mi? / _cStefan Boonen ; Resimleyen: Hiky Helmantel ; Çeviren: Yalçın Varnalı. |
| 250 | _a3. baskı | ||
| 264 | 1 |
_aİstanbul : _bYapı Kredi Yayınları, _c2022. |
|
| 300 |
_aUnnumbered pages : _billustrations ; _c28 cm |
||
| 336 |
_2rdacontent _atext _btxt |
||
| 337 |
_2rdamedia _aunmediated _bn |
||
| 338 |
_2rdacarrier _avolume _bnc |
||
| 490 | 0 |
_aYapı Kredi Yayınları : _v4453. _aDoğan Kardeş Kitaplığı : _v667. |
|
| 500 | _aAlt ıslatma üzerine bir hikaye. | ||
| 653 |
_aÇocuk edebiyatı _aÇocuk hikayeleri _aTuvalet eğitimi |
||
| 700 | 1 |
_aHelmantel, Hiky, _d1959- _9138580 |
|
| 700 | 1 |
_aVarnalı, Yalc̜ın _9138581 |
|
| 942 |
_2ddc _cBK |
||